[Event "Baden-Baden Autumn op"]
[Site "Baden-Baden"]
[Date "2023.11.05"]
[Round "6"]
[White "Hollmann, Thomas"]
[Black "Aschenberg, Axel"]
[Result "0-1"]
[WhiteElo "1874"]
[BlackElo "2037"]
[PlyCount "130"]
[EventDate "2023.11.02"]
[EventType "swiss"]
[EventRounds "7"]
[EventCountry "GER"]
[SourceTitle "CB46_2023"]
[SourceDate "2023.11.15"]
[SourceVersion "1"]
[SourceVersionDate "2023.11.15"]
[SourceQuality "1"]
[WhiteTeam "Germany"]
[BlackTeam "Germany"]
[WhiteTeamCountry "GER"]
[BlackTeamCountry "GER"]

1. e4 Nf6 2. e5 Nd5 3. d4 d6 4. c4 Nb6 5. f4 dxe5 6. fxe5 Nc6 7. Be3 Bf5 8. Be2 e6 9. Nf3 Qd7 10. Nc3 Rd8 11. 0-0 Be7 12. Qd2 0-0 13. Rad1 f6 14. Qc1 a6 15. b3 Qe8 16. Bf4 fxe5 17. Bxe5 Nxe5 18. Nxe5 c5 19. dxc5 Bxc5+ 20. Kh1 Bd4 21. Nf3 e5 22. Nd5 Nxd5 23. cxd5 Rc8 24. Qg5 h6 25. Qg3 Rc2 26. Nxd4 exd4 27. Bd3 Bxd3 28. Qxd3 Rxf1+ 29. Qxf1 Re2 30. h3 d3 31. d6 Qe6 32. Rxd3 Re1 33. Qxe1 Qxe1+ 34. Kh2 Qe5+ 35. Kh1 Qe2 36. Rd5 Qf1+ 37. Kh2 Qf4+ 38. Kh1 Qc1+ 39. Kh2 Qc6 40. Rd1 Qd7 41. Kg3 Kf7 42. Rd2 Ke8 43. Kh2 Kd8 44. Kg1 Qb5 45. Kf2 Kd7 46. Ke1 Qe5+ 47. Kd1 Qg3 48. Kc2 b5 49. Kd1 a5 50. Kc2 a4 51. bxa4 bxa4 52. Kd1 a3 53. Kc2 Qe1 54. Kc3 Qc1+ 55. Rc2 Qe3+ 56. Kb4 Kxd6 57. Ka4 h5 58. Kb4 g5 59. Ka4 g4 60. hxg4 hxg4 61. Kb4 Qd3 62. Rc3 Qd2 63. g3 Kd5 64. Kb3 Qb2+ 65. Ka4 Qxc3 0-1

[Event "Pfalz op-B 10th"]
[Site "Neustadt an der Weinstrasse"]
[Date "2019.03.04"]
[Round "7"]
[White "Hollmann, Thomas"]
[Black "Kobald, Jacqueline"]
[Result "1/2-1/2"]
[WhiteElo "1777"]
[BlackElo "1870"]
[PlyCount "58"]
[EventDate "2019.03.01"]
[EventType "swiss"]
[EventRounds "7"]
[EventCountry "GER"]
[SourceTitle "CBM 189 Extra"]
[Source "ChessBase"]
[SourceDate "2019.06.03"]
[SourceVersion "1"]
[SourceVersionDate "2019.06.03"]
[SourceQuality "1"]

1. e4 c5 2. Nf3 e6 3. d4 cxd4 4. Nxd4 Nc6 5. Nc3 Qc7 6. Ndb5 Qb8 7. Be3 a6 8. Nd4 Nf6 9. a3 Be7 10. Be2 0-0 11. Qd2 Qc7 12. 0-0 Ne5 13. Nf3 d6 14. Nxe5 dxe5 15. Rfd1 b5 16. f3 Bb7 17. Na2 Rfd8 18. Bd3 Bc5 19. Qf2 Bxe3 20. Qxe3 Rd7 21. Rd2 Rad8 22. Rad1 h6 23. Bf1 Rxd2 24. Rxd2 Rxd2 25. Qxd2 Qc5+ 26. Qf2 Qd6 27. Qa7 Qd4+ 28. Qxd4 exd4 29. b4 Nd7 1/2-1/2

[Event "Pfalz op-B 10th"]
[Site "Neustadt an der Weinstrasse"]
[Date "2019.03.03"]
[Round "4"]
[White "Heinssen, Simon"]
[Black "Hollmann, Thomas"]
[Result "0-1"]
[WhiteElo "1580"]
[BlackElo "1777"]
[PlyCount "134"]
[EventDate "2019.03.01"]
[EventType "swiss"]
[EventRounds "7"]
[EventCountry "GER"]
[SourceTitle "CBM 189 Extra"]
[Source "ChessBase"]
[SourceDate "2019.06.03"]
[SourceVersion "1"]
[SourceVersionDate "2019.06.03"]
[SourceQuality "1"]

1. d4 d5 2. Nf3 Nf6 3. e3 Bf5 4. c4 c6 5. Nc3 e6 6. Be2 Be7 7. 0-0 Nbd7 8. b3 0-0 9. Bb2 Ne4 10. a3 a5 11. Nd2 Ndf6 12. f3 Nd6 13. c5 Nc8 14. e4 dxe4 15. Ndxe4 b5 16. a4 b4 17. Nxf6+ Bxf6 18. Ne4 Ra7 19. Nxf6+ Qxf6 20. Bc4 Rd7 21. Qe2 Qd8 22. Kh1 Ne7 23. Rae1 Bg6 24. f4 Nd5 25. g4 Qf6 26. Qf3 h6 27. Re5 Rfd8 28. f5 exf5 29. gxf5 Bh7 30. Rfe1 Kf8 31. Qe4 Re7 32. Rxe7 Nxe7 33. d5 cxd5 34. Bxf6 dxe4 35. Bxe7+ Kxe7 36. Rxe4+ Kf6 37. Ba6 Bxf5 38. Rc4 Rd7 39. c6 Rc7 40. Bb7 Ke7 41. Rc5 Be6 42. Rxa5 Bxb3 43. Ra6 Kd6 44. Rb6 Bxa4 45. Rxb4 Bxc6+ 46. Bxc6 Rxc6 47. Rg4 g6 48. Kg2 Ke5 49. h4 Rc3 50. Rb4 h5 51. Ra4 Kf5 52. Rb4 Ra3 53. Rc4 Kf6 54. Rc5 Re3 55. Rb5 Re5 56. Rb4 Kf5 57. Kf3 Rd5 58. Rf4+ Ke6 59. Re4+ Re5 60. Rb4 f6 61. Ra4 g5 62. Rb4 Kf5 63. Ra4 Rb5 64. Rc4 Rb3+ 65. Kg2 g4 66. Rc5+ Kg6 67. Ra5 Rh3 0-1